| 000 | 00702nam a2200205Ia 4500 | ||
|---|---|---|---|
| 003 | GCL | ||
| 008 | 140319s9999 xx 000 0 ara d | ||
| 040 |
_aGCL / _cGCL |
||
| 082 | 0 | 4 |
_a812.052 _bن ع |
| 100 | 1 | _aنعمان عاشور | |
| 245 | 1 | 0 |
_aاثر حادث اليم: كوميديا انتقادية ساخرة / _cنعمان عاشور |
| 260 |
_a[S.N] : _bالهيئة المصرية العامة للكتاب ، _c1985 |
||
| 300 | _a133 ص | ||
| 490 |
_aالابداع العربى _v0 |
||
| 650 | 0 | 4 | _aالادب العربى |
| 650 | 0 | 4 | _aالمسرحيات المصرية |
| 650 | 0 | 4 | _aالمسرح العربى |
| 650 | 0 | 4 | _aالمسرحيات الكوميدية |
| 942 |
_2ddc _cBK |
||
| 999 |
_c29338 _d29338 |
||